| Tag |
First Indicator |
Second Indicator |
Subfields |
| LEADER |
00000cam a2200000 a 4500 |
| 001 |
in00000028200 |
| 005 |
20190207093356.0 |
| 008 |
870602s1988 nyu br 00100 eng |
| 010 |
|
|
|a 87015021
|
| 020 |
|
|
|a 0313245630 (lib. bdg. : alk. paper)
|
| 035 |
|
|
|a (OCoLC)16088381
|
| 035 |
|
|
|9 AAB9895AM
|
| 040 |
|
|
|a DLC
|c DLC
|d TXA
|d UtOrBLW
|
| 043 |
|
|
|a n-us-tx
|
| 049 |
|
|
|a TXAM [Also in] [Sp Coll]
|c 1 [A11645909]
|a TXAS [txas]
|c 2
|
| 050 |
0 |
0 |
|a Z1339
|b .G84 1988
|a F386
|
| 082 |
0 |
|
|a 016.9764
|2 19
|
| 245 |
0 |
2 |
|a A Guide to the history of Texas /
|c edited by Light Townsend Cummins and Alvin R. Bailey, Jr.
|
| 264 |
|
1 |
|a New York :
|b Greenwood Press,
|c 1988.
|
| 300 |
|
|
|a xi, 307 pages ;
|c 25 cm.
|
| 336 |
|
|
|a text
|b txt
|2 rdacontent
|
| 337 |
|
|
|a unmediated
|b n
|2 rdamedia
|
| 338 |
|
|
|a volume
|b nc
|2 rdacarrier
|
| 490 |
1 |
|
|a Reference guides to state history and research
|
| 500 |
|
|
|a The Cushing Library/Chapman Texas Collection copy is part of the Floyd & Louise Chapman Texas & Borderlands Collection.
|5 TXA
|
| 500 |
|
|
|a Includes index.
|
| 651 |
|
0 |
|a Texas
|x History
|x Bibliography.
|
| 651 |
|
0 |
|a Texas
|x Historiography.
|
| 651 |
|
0 |
|a Texas
|x History
|x Archival resources
|z Texas
|x Directories.
|
| 700 |
1 |
|
|a Cummins, Light Townsend.
|
| 700 |
1 |
|
|a Bailey, Alvin R.
|
| 830 |
|
0 |
|a Reference guides to state history and research.
|
| 999 |
|
|
|a MARS
|
| 999 |
f |
f |
|s 1386a935-ec0f-3737-a53d-f5856789a30d
|i 15e3ebd2-185f-3a84-8235-79065d50166a
|t 0
|
| 952 |
f |
f |
|p normal
|a Texas A&M University
|b College Station
|c Sterling C. Evans Library
|d Evans: Library Stacks
|t 0
|e Z1339 .G84 1988
|h Library of Congress classification
|i unmediated -- volume
|m A14811645909
|
| 952 |
f |
f |
|p noncirc
|a Texas A&M University
|b College Station
|c Cushing Memorial Library & Archives
|d Cushing: Chapman Texas Collection (Does not check out)
|t 0
|e Z1339 .G84 1988
|h Library of Congress classification
|i unmediated -- volume
|
| 998 |
f |
f |
|a Z1339 .G84 1988
|t 0
|l Cushing: Chapman Texas Collection (Does not check out)
|
| 998 |
f |
f |
|a Z1339 .G84 1988
|t 0
|l Evans: Library Stacks
|